000 00728nam a22002297a 4500
005 20150224150326.0
008 140714b xxu||||| |||| 00| 0 Urdu d
010 _aUR-8673
020 q _c100.00
020 _c9789350734025
035 _aU-7228
037 _bDBAD/Pub.
040 _aDPL
_bUrdu
082 _aن
100 _aکشمير ی لال د ا کر
245 _a‎کتھا د ا منی کی :نا و لٹ
_cکشمير ی لال د ا کر
246 _aKatha Damni ki (Novelt)
_bBy Kashmiri Lal Zakir
260 _aد ھلی
_bEducational Publishing House
_c2014
270 _a3108,Vakeel Street,Kucha Pandit,Lal Kuan
_b.Delhi
_e110006
300 _a68ص
_c22Cm (Hb)
942 _2ddc
_cUR
_e
_hن
_mک ش م
999 _c91825
_d91825